NHS England Major Trauma Centre - Statistics

General Stats
  • This quiz has been taken 3 times
  • The average score is 9 of 26
Answer Stats
Type Area Hospital % Correct
Both SE King's College
100%
Children SW Bristol Royal Hospital for Children
67%
Adult NW Manchester Royal
67%
Both SE Royal London
67%
Adult SW Southmead
67%
Both SE St george's
67%
Both SE St Mary's
67%
Both SE Addenbrooke's
33%
Adult NW Aintree University
33%
Children NW Alder Hey Children's
33%
Children Midlands Birmingham Children's
33%
Both SE John Radcliffe
33%
Both NE Leeds General
33%
Adult Midlands Queen Elizabeth
33%
Both Midlands Queen's
33%
Adult NW Salford Royal
33%
Children NE Sheffield Children's
33%
Both S Southampton General
33%
Adult Midlands University Hospital Coventry
33%
Adult SW Derriford
0%
Both NE James Cook University
0%
Adult NE Northern General
0%
Children NW Royal Manchester Children's
0%
Adult NW Royal Preston
0%
Adult Midlands Royal Stoke University
0%
Both NE Royal Victoria
0%
No matching quizzes found
Score Distribution
Percent of People with Each Score
Percentile by Number Answered
Your Score History
You have not taken this quiz